| LEADER |
00951nam0a2200217 450 |
| 001 |
16836815 |
| 010 |
|
|
|a 978-2-8222-0020-2
|b rel.
|d 9,95
|
| 100 |
|
|
|a 20150610d2026 u u0frey01 ba
|
| 101 |
0 |
|
|a fre
|
| 102 |
|
|
|a BE
|
| 200 |
0 |
|
|a amie pas comme les autres (Une)
|f Cyrielle
|
| 207 |
|
1 |
|a
|
| 210 |
|
|
|a Bruxelles
|c Jungle
|d DL 2012
|
| 215 |
|
|
|a 1 vol. (47 p.)
|c ill. en coul., couv. ill. en coul.
|d 31 cm
|
| 225 |
1 |
|
|a Miss Jungle
|v 1
|
| 330 |
|
|
|a Elevée à la campagne, Akiko doit s'installer en ville car son père y obtient une opportunité professionnelle. Malgré les difficultés d'intégration, elle va trouver en Ayumi une jeune fille au caractère fort différent qui deviendra pourtant sa meilleure amie.
|
| 461 |
|
0 |
|t Akiko
|v 1
|
| 700 |
|
0 |
|a Cyrielle
|c illustratrice
|f 1984-....
|4 70
|
| 900 |
|
|
|a Bande Dessinée (enfants)
|
| 901 |
|
|
|a Jeunesse
|
| 995 |
|
|
|a Médiathèque
|c Médiathèque
|f 089013988
|h 089013988
|k BD AKI T.1
|o p
|q j
|r az
|e Médiathèque
|